Normal view
MARC view
- Parkhe Payal V - 2k131040; Dr.Rachana Shikhare - Guide & [Company Name] - Extentia Information Technology Pvt Ltd
Entry Personal Name
001 - CONTROL NUMBER
- control field: 118997
003 - CONTROL NUMBER IDENTIFIER
- control field: OSt
005 - DATE AND TIME OF LATEST TRANSACTION
- control field: 20230128171340.0
008 - FIXED-LENGTH DATA ELEMENTS
- fixed length control field: 230128|| aca||aabn | a|a d
040 ## - CATALOGING SOURCE
- Original cataloging agency: OSt
- Transcribing agency: OSt
100 ## - HEADING--PERSONAL NAME
- Personal name: Parkhe Payal V - 2k131040; Dr.Rachana Shikhare - Guide & [Company Name] - Extentia Information Technology Pvt Ltd
670 ## - SOURCE DATA FOUND
- Source citation: Work cat.: (OSt)97301: Parkhe Payal V - 2k131040; Dr.Rachana Shikhare - Guide & [Company Name] - Extentia Information Technology Pvt Ltd., Software Testing And Crital Analysis For Online Hotel Booking System, Sep-14